Deserts - Multiple Choice Quiz - Statistics

General Stats
  • This quiz has been taken 31 times
  • The average score is 8 of 15
Answer Stats
Question Answer % Correct
Roughly how many degrees are there between the hottest and coldest air temperatures ever recorded on Earth? 150 °C
100%
Within which desert can the Okavango Delta be found? Kalahari
100%
Which of these is the name of neither a desert nor a region of a desert? Pink Desert
100%
Where can the world's largest salt flat be found? Bolivia
50%
Which Australian desert is the largest in the country? Great Victoria Desert
50%
Which of these cities isn't located within the Sahara? Juba
50%
Which of these deserts has no coastline? Mojave Desert
50%
Which Indian state contains the greatest percentage of the Thar Desert? Rajasthan
50%
Which of these deserts is located in Afghanistan? Registan Desert
50%
Within which desert are the Nazca Lines located? Sechura Desert
50%
Where is the Tabernas Desert located? Spain
50%
Which desert occupies most of the Tarim Basin? Taklamakan Desert
50%
Out of these countries, which contains the largest desert? Argentina
0%
Which desert is the saguaro native to? Sonoran Desert
0%
The westernmost point of the Great Wall of China is located in the Gobi Desert. True
0%
No matching quizzes found
Score Distribution
Percent of People with Each Score
Percentile by Number Answered
Your Score History
You have not taken this quiz